000 00832nam a2200253Ia 4500
003 OSt
005 20221005103718.0
006 a|||||r|||| 00| 0
007 ta
008 221004b |||||||| |||| 00| 0 hin d
024 _a30902
037 _cTextual
040 _aCRL
_cCRL
_bhin
041 _2hin
_ahin
082 _aV2:2.N9, 152N6
100 _aमदान, नरेन्द्र
245 0 _aभारतीय राज्य व्यवस्था
246 _aBhāratīya rājya vyavasthā
260 _aदिल्ली
_bअष्टम प्रकाशन भारत
_c1996
300 _a198पृ.
_ccm.
650 _aभारत-इतिहास
_9156353
942 _hV2:2.N9, 152N6
_cTEXL
_2cc
999 _c1010714
_d1010714